000 00555nam a2200193Ia 4500
005 20260114185831.0
008 008 260114s9999 xx 000 0 eng d
020 _a9781350042131
037 _aEBOOK
040 _aCRL
_beng
_cCRL
041 _aeng
_2eng
084 _qCRL
100 _aPeter Naccarato and Kathleen LeBesco
_9874964
245 0 _aCulinary Capital
260 _bBloomsbury
_c2013
856 _uhttps://doi.org/10.5040/9781350042131?locatt=label:secondary_bloomsburyCollections
942 _cEBOOK
999 _c1473898
_d1473898